Les 100 meilleurs buteurs de l'histoire de la Premier League - Statistiques

Statistiques générales
  • Ce quiz a été pris 646 fois
  • Le résultat moyen est 39 sur 100
Statistiques - réponses
Club(s) Nationalité Nombre de buts Joueur % Correct
Norwich / Tottenham Angleterre 209 Harry Kane
96%
Chelsea / Liverpool Egypte 139 Mohamed Salah
94%
Arsenal France 175 Thierry Henry
94%
Manchester City Argentine 184 Sergio Aguero
93%
Everton / Manchester United / Everton Angleterre 208 Wayne Rooney
90%
Southampton / Liverpool Sénégal 111 Sadio Mané
86%
Manchester United Portugal 103 Cristiano Ronaldo
83%
Tottenham Corée du Sud 103 Heung-min Son
83%
Chelsea Côte d'Ivoire 104 Didier Drogba
81%
Leicester Angleterre 136 Jamie Vardy
80%
Arsenal / Manchester United Pays-Bas 144 Robin Van Persie
78%
Blackburn / Newcastle Angleterre 260 Alan Shearer
76%
Chelsea / Manchester City Belgique 64 Kevin De Bruyne
76%
Chelsea / West Bromwich / Chelsea / Everton / Manchester United / Chelsea Belgique 121 Romelu Lukaku
76%
Leicester / Manchester City Algérie 82 Riyad Mahrez
75%
Liverpool Brésil 80 Roberto Firmino
75%
West Ham / Chelsea / Manchester City Angleterre 177 Franck Lampard
73%
Manchester United Pays de Galles 108 Ryan Giggs
72%
Liverpool / Manchester City / Chelsea Angleterre 113 Raheem Sterling
71%
Chelsea Belgique 85 Eden Hazard
67%
Arsenal / Chelsea Gabon 69 Pierre-Emerick Aubameyang
67%
Liverpool Angleterre 121 Steven Gerrard
67%
Liverpool / Chelsea Espagne 85 Fernando Torres
64%
Liverpool Uruguay 69 Luis Suarez
63%
Arsenal / Liverpool / Manchester City / Bolton / Chelsea / West Bromwich France 125 Nicolas Anelka
62%
West Ham / Manchester United / Manchester City Argentine 84 Carlos Tevez
60%
Manchester City / Arsenal Brésil 68 Gabriel Jesus
60%
Leeds / Manchester United France 70 Eric Cantona
59%
Manchester United France 60 Anthony Martial
58%
Manchester United Angleterre 75 Marcus Rashford
58%
Arsenal / Chelsea France 90 Olivier Giroud
58%
Manchester United Pays-Bas 95 Ruud van Nistelrooy
58%
Liverpool / Newcastle / Manchester United / Stoke City Angleterre 150 Michael Owen
57%
Arsenal / Manchester United Chili 63 Alexis Sanchez
56%
Coventry / Leeds / Tottenham / Liverpool / Tottenham / West Ham / Aston Villa Irlande 125 Robbie Keane
56%
Manchester City Côte d'Ivoire 59 Yaya Touré
56%
Manchester City Espagne 60 David Silva
55%
Tottenham / Manchester United / Fulham Bulgarie 94 Dimitar Berbatov
52%
Arsenal / Manchester City / Tottenham / Crystal Palace Togo 97 Emmanuel Adebayor
52%
Arsenal Pays-Bas 87 Denis Bergkamp
50%
Newcastle / Manchester United / Blackburn / Fulham / Manchester City / Portsmouth / Sunderland Angleterre 187 Andy Cole
48%
Aston Villa / Southampton / Liverpool / Portsmouth / Tottenham / Stoke City / Burnley Angleterre 106 Peter Crouch
47%
Arsenal / Aston Villa France 63 Robert Pires
44%
Ipswich / Charlton / Tottenham / Sunderland / Aston Villa / Fulham / Aston Villa Angleterre 106 Darren Bent
43%
Manchester United Angleterre 107 Paul Scholes
43%
Manchester United Angleterre 62 David Beckham
42%
West Ham Jamaïque 61 Michail Antonio
41%
Leeds / Newcastle / Aston Villa / Newcastle / Aston Villa / Manchester City / Liverpool Angleterre 55 James Milner
39%
Manchester United Norvège 91 Ole Gunnar Solskjaer
39%
Manchester United / Cardiff / Crystal Palace Côte d'Ivoire 68 Wilfried Zaha
39%
Aston Villa / Liverpool / Crystal Palace Belgique 86 Christian Benteke
38%
Everton Australie 56 Tim Cahill
36%
West Ham / Tottenham / Portsmouth / Tottenham / Sunderland / Bournemouth Angleterre 163 Jermain Defoe
34%
Arsenal / Everton / Southampton Angleterre 80 Theo Walcott
33%
Bournemouth / Newcastle Angleterre 76 Callum Wilson
32%
Manchester United / Sunderland / Manchester United / Arsenal / Watford / Brighton Angleterre 62 Danny Welbeck
31%
Manchester City / Chelsea / Bolton / Chelsea / Liverpool / West Bromwich / Liverpool Angleterre 77 Daniel Sturridge
30%
Arsenal / West Ham Angleterre 113 Ian Wright
30%
Chelsea Italie 58 Gianfranco Zola
29%
Newcastle / Fulham / Manchester United / Everton / Tottenham / Sunderland France 84 Louis Saha
29%
West Bromwich / Leicester / Burnley / Newcastle / Nottingham Forrest Nouvelle-Zélande 55 Chris Wood
27%
Burnley / Liverpool / Southampton / Aston Villa / West Ham Angleterre 70 Danny Ings
27%
Aston Villa / Manchester United / Blackburn / Birmingham / Sunderland Trinité-et-Tobago 123 Dwight Yorke
25%
Fulham / Tottenham / Fulham États-Unis 57 Clint Dempsey
21%
Nottingham Forrest / Tottenham / Manchester United / Tottenham / Portsmouth / West Ham Angleterre 146 Teddy Sheringham
21%
QPR / Newcastle / Tottenham / West Ham / Leicester / Bolton Angleterre 149 Les Ferdinand
20%
Leeds / Liverpool Australie 57 Harry Kewell
18%
Leeds / Chelsea / Middlesbrough / Charlton Pays-Bas 127 Jimmy Floyd Hasselbaink
18%
Swansea / Tottenham / Swansea / Everton Islande 67 Gylfi Sigurdsson
17%
Liverpool / Leeds / Manchester City / Liverpool / Blackburn Angleterre 162 Robbie Fowler
17%
Southampton Angleterre 101 Matt Le Tissier
13%
Arsenal / Nottingham Forrest / Everton / West Bromwich Angleterre 83 Kevin Campbell
10%
Sunderland / Southampton / Aston Villa / Birmingham / Crystal Palace Angleterre 92 Kevin Phillips
10%
Leeds / Middlesbrough / Newcastle Australie 92 Mark Viduka
10%
Leicester / Liverpool / Birmingham / Wigan / Aston Villa Angleterre 110 Emile Heskey
9%
Sheffield / West Ham / Charlton Italie 66 Paolo Di Canio
8%
Coventry / Newcastle / Blackburn / Liverpool / West Ham / Manchester City / Liverpool / Cardiff Pays de Galles 81 Craig Bellamy
7%
Chelsea / Tottenham / Stoke City / Fulham Norvège 55 Eidur Gudjohnsen
7%
Aston Villa Angleterre 73 Gabriel Agbonlahor
7%
Reading / West Bromwich / Hull City / Southampton Irlande 56 Shane Long
7%
Everton / Newcastle / Everton Écosse 68 Duncan Ferguson
5%
Southampton / Blackburn / Southampton / Bolton Angleterre 87 Kevin Davies
5%
Manchester United / Chelsea / Southampton / Everton / Blackburn Pays De Galles 64 Mark Hughes
4%
Norwich / Blackburn / Chelsea / Birmingham / Aston Villa Angleterre 83 Chris Sutton
3%
Manchester United / Coventry / Aston Villa Angleterre 110 Dion Dublin
3%
Leeds / Everton / Newcastle / Bolton Pays de Galles 80 Gary Speed
3%
Portsmouth / Middlesbrough / Everton / Blackburn Nigeria 95 Yakubu Aiyegbeni
3%
Crystal Palace / Tottenham Angleterre 71 Chris Armstrong
2%
Sheffield / Leeds / Middlesbrough / Leicester Angleterre 71 Brian Deane
1%
Milton / Bolton Angleterre 63 Dean Holdsworth
1%
Blackburn / Southampton / Everton / Stoke City / Blackpool Angleterre 90 James Beattie
1%
Milton / Charlton / Middlesbrough / Blackpool Jamaïque 55 Jason Euell
1%
Arsenal / West Ham / Milton / Coventry Pays de Galles 55 John Hartson
1%
Coventry / Blackburn / Newcastle Écosse 56 Kevin Gallacher
1%
Bolton / Newcastle / West Ham Angleterre 69 Kevin Nolan
1%
Leeds / West Ham / Newcastle / West Ham / Birmingham Angleterre 57 Lee Bowyer
1%
Manchester City / Sunderland Irlande 59 Niall Quinn
1%
Everton / Newcastle / Bolton Angleterre 59 Peter Beardsley
1%
Crystal Palace / Nottingham Forrest / Liverpool / Aston Villa / Leicester / Bradford Angleterre 62 Stan Collymore
1%
Everton / West Ham / Leicester Angleterre 78 Tony Cottee
1%
Aucun quiz correspondant
Distribution des résultats
% des personnes avec chaque résultat
Percentile par nombre de réponses
Votre historique - résultats
Vous n’avez pas pris ce quiz